The Ultimate DC Characters Quiz! - Statistics

General Stats
  • This quiz has been taken 294 times
  • The average score is 52 of 88
Answer Stats
Hint Answer % Correct
Clark Kent Superman
98%
Bruce Wayne Batman
97%
Wally West Kidflash
97%
Barry Allen The Flash
97%
Diana Prince Wonder Woman
97%
Dick Grayson Nightwing
96%
Daimion Wayne Robin
96%
John Diggle Spartan
96%
Hal Jordan Green Lantern
95%
Oliver Queen Green Arrow
92%
Kal-Dor-Ahm Aqualad
90%
Arthur Curry Aquaman
90%
Barbara Gordon Oracle
90%
Girlfriend Of The Joker Harley Quinn
89%
Cassandra Cain Batgirl
88%
Selina Kyle Catwoman
87%
Butler Of Batman Alfred Pennyworth
83%
Kara Danvers Supergirl
83%
Vic Stone Cy-Borg
82%
Harvey Dent Two-Face
81%
Arch Nemesis Of Superman Lex Luthor
80%
Girlfriend Of Superman Lois Lane
80%
Slade Wilson Deathstroke
79%
Oswald Cobbelpot The Penguin
79%
Billy Batson Shazam
78%
Connor Kent Superboy
77%
Edward Nigma The Riddler
77%
John Jones Martian Manhunter
74%
Arthur Flek The Joker
73%
Sara Lance White Canary
73%
Laurel Lance Black Canary
72%
Foyd Lawton Deadshot
70%
Gar Logan Beast Boy
69%
King Of Apokolips Darkseid
69%
Victor Fries Mr. Freeze
69%
Eobard Thawne Reverse Flash
69%
John Constantine Constantine
68%
Military Krypton Leader General Zod
68%
Zatanna Zaturra Zatanna
68%
Rachel Roth Raven
66%
Kate Kane Batwoman
65%
Kory Anders Starfire
64%
Wife Of The Flash Iris West-Allen
63%
Carter Hall Hawkman
62%
Bart Allen Impulse
62%
Arch Nemesis Of Green Lantern Sinestro
62%
Ray Palmer The Atom
62%
Kendra Saunders Hawkgirl
59%
Leo Snart Captain Cold
57%
Caitlin Snow Killerfrost
55%
Will Harper Red Arrow
55%
Leader Of The Suicide Squad Amanda Waller
54%
Roy Harper Arsenal
53%
Best Friend Of Superman Jimmy Olsen
52%
Ronnie Raymond Firestorm
50%
Boyfriend Of Wonder Woman Steve Trevor
50%
Ted Kord Blue Beetle
49%
Cisco Ramon Vibe
49%
Artemis Crock Tigress
46%
Ralph Dibny Elongated Man
44%
Meghan Morzz Miss Martian
44%
Helena Kyle The Huntress
43%
Kent Nielsen Dr. Fate
42%
Eel O'Brien Plastic Man
42%
Android Kryptonian Brainiac
39%
Querl Dox Brainiac-5
39%
Demn's Head Ra's Al Ghul
38%
Jefferson Pierce Black Lightning
37%
Mick Rory Heatwave
37%
The Devil Lucifer
37%
Girlfriend Of Green Arrow Felicity Smoak
36%
Courtney Whitmore Stargirl
33%
Clifford Devoe The Thinker
29%
Ted Grant Wildcat
28%
Lisa Snart Golden Glider
27%
Linda Ferris Star Sapphire
26%
Jim Corrigan Spectre
25%
Mari McCabe Vixen
25%
Rex Tyler Hourman
22%
Mar-Novu The Monitor
21%
Mark Mardon Weather Wizard
21%
Mobius Anti-Monitor
19%
Ray Terrill The Ray
19%
Charles McNider Dr. Mid-Nite
18%
Pat Dugan S.T.R.I.P.E.
18%
Nia Null Dreamer
17%
Ramsey Rosso Bloodwork
14%
Edward Clarriss Rival
10%
No matching quizzes found
Score Distribution
Percent of People with Each Score
Percentile by Number Answered
Your Score History
You have not taken this quiz